Regeneration and creativity (Record no. 120399)

MARC details
000 -LEADER
fixed length control field 01112cai a2200253 4500
001 - CONTROL NUMBER
control field ABS67668
008 - FIXED-LENGTH DATA ELEMENTS--GENERAL INFORMATION
fixed length control field 040324n2004 000 0 eng u
035 ## - SYSTEM CONTROL NUMBER
System control number (Sirsi) u125546
100 ## - MAIN ENTRY--PERSONAL NAME
Personal name Minton, A.
245 ## - TITLE STATEMENT
Title Regeneration and creativity
260 ## - PUBLICATION, DISTRIBUTION, ETC.
Date of publication, distribution, etc. 2004
490 ## - SERIES STATEMENT
Series statement Urban Design Quarterly
Volume/sequential designation (89) Winter 2004, 26-27(2)
520 ## - SUMMARY, ETC.
Summary, etc. A review of the research carried out for the RICS/Demos report "Northern Soul: culture, creativity and quality of place in Newcastle and Gateshead" (ISBN 1841801178) by the author who carried out the research. The report attempted to explain what creates a buzz in a city like Newcastle and how it can be retained, without overheating or losing momentum. The research found that regeneration strategies succeeded when they were locally rooted and worked with the local community rather than imposed and artificial.
590 ## - LOCAL NOTE (RLIN)
Local note ABS
590 ## - LOCAL NOTE (RLIN)
Local note ABS
650 ## - SUBJECT ADDED ENTRY--TOPICAL TERM
Topical term or geographic name entry element URBAN REGENERATION
650 ## - SUBJECT ADDED ENTRY--TOPICAL TERM
Topical term or geographic name entry element REDEVELOPMENT
650 ## - SUBJECT ADDED ENTRY--TOPICAL TERM
Topical term or geographic name entry element CITIES
650 ## - SUBJECT ADDED ENTRY--TOPICAL TERM
Topical term or geographic name entry element QUALITY OF LIFE
650 ## - SUBJECT ADDED ENTRY--TOPICAL TERM
Topical term or geographic name entry element GATESHEAD
650 ## - SUBJECT ADDED ENTRY--TOPICAL TERM
Topical term or geographic name entry element NEWCASTLE
690 ## - LOCAL SUBJECT ADDED ENTRY--TOPICAL TERM (OCLC, RLIN)
Topical term or geographic name as entry element REGENERATION
942 ## - ADDED ENTRY ELEMENTS (KOHA)
Suppress in OPAC 0
Holdings
Withdrawn status Lost status Source of classification or shelving scheme Damaged status Not for loan Home library Current library Shelving location Date acquired Total Checkouts Full call number Barcode Date last seen Copy number Price effective from Koha item type
    Dewey Decimal Classification     London London Journal article 24/03/2004   ABS67668 125546-1001 06/08/2019 1 06/08/2019 Journal article